<?xml version="1.0" encoding="UTF-8"?>
<record
    xmlns:xsi="http://www.w3.org/2001/XMLSchema-instance"
    xsi:schemaLocation="http://www.loc.gov/MARC21/slim http://www.loc.gov/standards/marcxml/schema/MARC21slim.xsd"
    xmlns="http://www.loc.gov/MARC21/slim">

  <leader>02060cam a2200229   4500</leader>
  <controlfield tag="001">6740</controlfield>
  <datafield tag="010" ind1=" " ind2=" ">
    <subfield code="a">  2001053942</subfield>
  </datafield>
  <datafield tag="020" ind1=" " ind2=" ">
    <subfield code="a">0792375742 (alk. paper)</subfield>
  </datafield>
  <datafield tag="100" ind1=" " ind2=" ">
    <subfield code="a">Baldwin, Richard E.</subfield>
    <subfield code="b"></subfield>
    <subfield code="c"></subfield>
    <subfield code="d"></subfield>
    <subfield code="e"></subfield>
    <subfield code="q"></subfield>
  </datafield>
  <datafield tag="245" ind1="0" ind2="0">
    <subfield code="a">Economic impact of EU membership on entrants :</subfield>
    <subfield code="b">new methods and issues /</subfield>
    <subfield code="c">edited by Richard E. Baldwin and Aymo Brunetti.</subfield>
  </datafield>
  <datafield tag="260" ind1=" " ind2=" ">
    <subfield code="a">Boston :</subfield>
    <subfield code="b">Kluwer Academic,</subfield>
    <subfield code="c">c2001.</subfield>
  </datafield>
  <datafield tag="300" ind1=" " ind2=" ">
    <subfield code="a">xviii, 274 p. :</subfield>
    <subfield code="b">ill. ;</subfield>
    <subfield code="c">25 cm.</subfield>
  </datafield>
  <datafield tag="500" ind1=" " ind2=" ">
    <subfield code="a">Papers presented at a conference held in Lausanne, Switzerland in October 1999.</subfield>
  </datafield>
  <datafield tag="504" ind1=" " ind2=" ">
    <subfield code="a">Includes bibliographical references and index.</subfield>
  </datafield>
  <datafield tag="505" ind1=" " ind2=" ">
    <subfield code="a">CONTENTS: Preface -- Introduction; R.E. Baldwin, A.  Brunetti. Part I: CGE Studies -- Sorting Out the Effects  of Switzerland's Accession to the EU: A Simulation  Analysis; J.-M. Grether, T. Muller. Foreign Direct  Investment in Producer Services; J. Markusen, et al. EU  Integration and Outsiders: A Simulation Study of  Industrial Location; R.E. Baldwin, et al. Factor  Mobility, Economic Integration and the Location of  Industry; J. Francois. The Economic Effects of the  Bilateral Sectoral Agreements and the Swiss EU  Membership; R. van Nieuwkoop, A. Muller. Part II: Macro  Studies. The Swiss Franc and the Euro; H. Genberg, A.  Kadareja. Macroeconomic Consequences of Swiss EU  Accession: The Effects of Entering the Monetary Union; P.  Stalder. Macroeconomic Consequences of Swiss EU  Accession: Effects of Fiscal Measures; J. Barlocher. The  Costs of the EU Integration for Switzerland: Alternative  Scenarios; B. Simmons-Suer, M. Himmel. Part III: Labour  Market Issues. Labour Market and Budgetary Effects of  Eastern Enlargement in Germany; C. Keuschnigg. Migration  and Swiss EU Membership; T. Straubhaar. Author's  Affiliation. Index of Authors.</subfield>
    <subfield code="g"></subfield>
    <subfield code="r"></subfield>
    <subfield code="t"></subfield>
  </datafield>
  <datafield tag="610" ind1="2" ind2="0">
    <subfield code="a">European Union</subfield>
    <subfield code="v">Congresses.</subfield>
  </datafield>
  <datafield tag="610" ind1="2" ind2="0">
    <subfield code="a">European Union</subfield>
    <subfield code="z">Switzerland</subfield>
    <subfield code="v">Congresses.</subfield>
  </datafield>
  <datafield tag="651" ind1=" " ind2="0">
    <subfield code="a">Europe</subfield>
    <subfield code="x">Economic integration</subfield>
    <subfield code="v">Congresses.</subfield>
  </datafield>
  <datafield tag="651" ind1=" " ind2="0">
    <subfield code="a">Switzerland</subfield>
    <subfield code="x">Foreign economic relations</subfield>
    <subfield code="v">Congresses.</subfield>
  </datafield>
  <datafield tag="700" ind1="1" ind2=" ">
    <subfield code="a">Baldwin, Richard E.</subfield>
  </datafield>
  <datafield tag="700" ind1="1" ind2=" ">
    <subfield code="a">Brunetti, Aymo.</subfield>
  </datafield>
  <datafield tag="999" ind1=" " ind2=" ">
    <subfield code="c">5680</subfield>
    <subfield code="d">5680</subfield>
  </datafield>
  <datafield tag="952" ind1=" " ind2=" ">
    <subfield code="0">0</subfield>
    <subfield code="1">0</subfield>
    <subfield code="2">ddc</subfield>
    <subfield code="4">0</subfield>
    <subfield code="7">0</subfield>
    <subfield code="8">MAIN</subfield>
    <subfield code="a">RTCLIB</subfield>
    <subfield code="b">RTCLIB</subfield>
    <subfield code="c">MAIN</subfield>
    <subfield code="d">2018-11-27</subfield>
    <subfield code="h"> </subfield>
    <subfield code="i">10531</subfield>
    <subfield code="l">0</subfield>
    <subfield code="o">337.1 BAL</subfield>
    <subfield code="p">30010414</subfield>
    <subfield code="r">2018-11-27 00:00:00</subfield>
    <subfield code="w">2018-11-27</subfield>
    <subfield code="y">MAIN</subfield>
  </datafield>
</record>
